Party In The U.S.A. - Miley Cyrus -All Lyrics - Statistics

General Stats
  • This quiz has been taken 1,165 times
  • The average score is 386 of 470
Answer Stats
Answer % Correct
a
99%
I
99%
(Ooh,
99%
the
99%
The
99%
They
99%
(Woah)
99%
yeah)
99%
in?
97%
in
97%
(Ha-ha
95%
ha-ha),
95%
LAX
95%
my
95%
My
95%
playin'
94%
and
93%
And
93%
so
93%
So
93%
kinda
91%
(Na-na,
91%
na-na),
91%
to
91%
(Hey,
90%
hey)
90%
of
90%
on
90%
(On
90%
song
90%
song,
90%
"Yeah"
90%
Yeah,
90%
Yeah
90%
"Yeah")
90%
(Yeah),
90%
party
89%
at
88%
hands
88%
up
88%
up,
88%
U.S.A.
88%
plane
86%
put
86%
gonna
85%
(Gonna
85%
like,
85%
Like,
85%
like
85%
with
85%
it's
84%
It’s
84%
Am
83%
am
83%
dream
83%
every
83%
(Every
83%
I'm
82%
I’m
82%
(I'm
82%
see
82%
cardigan
81%
hopped
81%
is
81%
sign
81%
away
80%
away)
80%
fit
80%
fly
80%
(Flying
80%
hips
80%
Hollywood
80%
Movin'
80%
(Movin'
80%
was
80%
butterflies
79%
famous
79%
head
79%
head)
79%
Look
79%
all
78%
be
78%
crazy
78%
Everybody
78%
land
78%
JAY-Z
77%
cab,
76%
cab
76%
off
76%
radio
76%
This
76%
Welcome
76%
Feel
75%
feel
75%
taxi
75%
nervous
74%
okay
74%
okay)
74%
right,
74%
They’re
74%
they're
74%
fame
73%
noddin'
73%
(Noddin'
73%
time
73%
time)
73%
feelin'
72%
homesick
72%
for
71%
seems
71%
first
70%
Too
70%
me
69%
much
69%
that
69%
here
68%
pressure
68%
got
67%
know
67%
when
67%
out
65%
Britney
64%
DJ
64%
That’s
61%
that's
61%
Jumped
60%
(Town
60%
excess
59%
tummy's
59%
"Who's
59%
chick
58%
from
58%
town”
58%
man
57%
rockin'
57%
"She
57%
turned
57%
turnin'
57%
lookin'
56%
now
56%
gotta
54%
kicks?"
52%
not
52%
Nashville
51%
memo
50%
are
49%
favorite
49%
around
48%
girls
47%
never
47%
plays
47%
Everybody’s
46%
guess
46%
definitely
44%
‘Cause
41%
stilettos
41%
alright
39%
tune
39%
Get
37%
hard
37%
tonight
37%
tonight)
37%
club
35%
Back
33%
hometown
33%
Something
30%
stops
29%
flight
25%
flight)
25%
hopping
18%
dropped
15%
No matching quizzes found
Score Distribution
Percent of People with Each Score
Percentile by Number Answered
Your Score History
You have not taken this quiz